<?xml version="1.0" encoding="UTF-8"?>
<record
    xmlns:xsi="http://www.w3.org/2001/XMLSchema-instance"
    xsi:schemaLocation="http://www.loc.gov/MARC21/slim http://www.loc.gov/standards/marcxml/schema/MARC21slim.xsd"
    xmlns="http://www.loc.gov/MARC21/slim">

  <leader>04101nam a22005657a 4500</leader>
  <controlfield tag="001">DVD-007783-91</controlfield>
  <controlfield tag="005">20110824135915.0</controlfield>
  <controlfield tag="006">a|||||r|||||00| 0 </controlfield>
  <controlfield tag="007">vd bvaizu</controlfield>
  <controlfield tag="008">091030s2008    ii 137 g          vlhin  </controlfield>
  <datafield tag="010" ind1=" " ind2=" ">
    <subfield code="a">DVD-007783-91</subfield>
  </datafield>
  <datafield tag="024" ind1=" " ind2=" ">
    <subfield code="a">DHIF1741S</subfield>
    <subfield code="c">349.00</subfield>
  </datafield>
  <datafield tag="035" ind1=" " ind2=" ">
    <subfield code="a">DVD-007783-91</subfield>
  </datafield>
  <datafield tag="040" ind1=" " ind2=" ">
    <subfield code="a">DLC</subfield>
    <subfield code="c">DLC</subfield>
    <subfield code="d">DLC</subfield>
    <subfield code="e">amim</subfield>
  </datafield>
  <datafield tag="082" ind1=" " ind2=" ">
    <subfield code="a">DVD / BHAI</subfield>
  </datafield>
  <datafield tag="245" ind1="0" ind2="0">
    <subfield code="a">Bhai bahen /</subfield>
    <subfield code="c">Produced byVikram Production, directed by A. Bhimsingh; music by Shankar Jaikishan</subfield>
  </datafield>
  <datafield tag="257" ind1=" " ind2=" ">
    <subfield code="a">India.</subfield>
  </datafield>
  <datafield tag="260" ind1=" " ind2=" ">
    <subfield code="a">New Delhi :</subfield>
    <subfield code="b">Moser Baer Entertainment,</subfield>
    <subfield code="c">p2010.</subfield>
  </datafield>
  <datafield tag="300" ind1=" " ind2=" ">
    <subfield code="a">1 videodisc of 1 (DVD) : </subfield>
    <subfield code="b">sd., b&amp;w ;</subfield>
    <subfield code="c">4 3/4 in.</subfield>
    <subfield code="3">viewing copy.</subfield>
  </datafield>
  <datafield tag="440" ind1=" " ind2=" ">
    <subfield code="a">Nutan Six classic films: 4</subfield>
    <subfield code="9">33466</subfield>
  </datafield>
  <datafield tag="500" ind1=" " ind2=" ">
    <subfield code="a">Copyright notice on container: Moser baer</subfield>
  </datafield>
  <datafield tag="500" ind1=" " ind2=" ">
    <subfield code="a">Originally released theatrically in 1966.</subfield>
  </datafield>
  <datafield tag="500" ind1=" " ind2=" ">
    <subfield code="a">Summary taken from IMDB.com.</subfield>
  </datafield>
  <datafield tag="508" ind1=" " ind2=" ">
    <subfield code="a">Music ; Shankar Jaikishan</subfield>
  </datafield>
  <datafield tag="511" ind1="1" ind2=" ">
    <subfield code="a">Ashok Kumar, Sunil Dutt, Pran, Helan and Nutan</subfield>
  </datafield>
  <datafield tag="520" ind1=" " ind2=" ">
    <subfield code="a">Raja Saheb (Ashok Kumar) is a rich man, strict father to sons Virendra (Sunil Dutt) and Mahendra. One day, Mahendra has a big fight with his father and dies of shock afterwards. Virendra leaves home and falls in bad company with Pran. Later, Virendra falls in love with a poor girl (Nutan), eventually deciding to marry her. At home, a lonely Raja Saheb falls ill. When Virendra tells his father about his love, his father reveals his own past: He was in love with a poor girl, who died leaving a daughter (Padmini) behind, who dances on the roads to earn a living. Virendra decides to bring his sister home.</subfield>
  </datafield>
  <datafield tag="538" ind1=" " ind2=" ">
    <subfield code="a">NTSC all region</subfield>
  </datafield>
  <datafield tag="546" ind1=" " ind2=" ">
    <subfield code="a">In Hindi. with English Subtitles</subfield>
  </datafield>
  <datafield tag="650" ind1=" " ind2="0">
    <subfield code="a">Family</subfield>
    <subfield code="v">Drama.</subfield>
    <subfield code="9">33467</subfield>
  </datafield>
  <datafield tag="650" ind1=" " ind2="0">
    <subfield code="a">Musical</subfield>
    <subfield code="v">Drama.</subfield>
    <subfield code="9">33469</subfield>
  </datafield>
  <datafield tag="650" ind1=" " ind2="0">
    <subfield code="a">Roamance</subfield>
    <subfield code="v">drama</subfield>
    <subfield code="9">33525</subfield>
  </datafield>
  <datafield tag="700" ind1="1" ind2=" ">
    <subfield code="a">Bhimsingh, A.</subfield>
    <subfield code="e">direction.</subfield>
    <subfield code="9">33470</subfield>
  </datafield>
  <datafield tag="700" ind1="1" ind2=" ">
    <subfield code="a">Ranga, B.S.</subfield>
    <subfield code="e">production.</subfield>
    <subfield code="9">33471</subfield>
  </datafield>
  <datafield tag="700" ind1="1" ind2=" ">
    <subfield code="a">Shankar</subfield>
    <subfield code="e">music.</subfield>
    <subfield code="9">33472</subfield>
    <subfield code="q">Shankarsingh Raghuwanshi	</subfield>
  </datafield>
  <datafield tag="700" ind1="1" ind2=" ">
    <subfield code="a">Jaikishan</subfield>
    <subfield code="e">Music</subfield>
    <subfield code="q">Jaikishan Dayabhai Pankal	</subfield>
    <subfield code="9">33543</subfield>
  </datafield>
  <datafield tag="710" ind1="2" ind2=" ">
    <subfield code="a">Moser Baer (New Delhi, India)</subfield>
    <subfield code="9">33473</subfield>
  </datafield>
  <datafield tag="856" ind1=" " ind2=" ">
    <subfield code="u">http://www.imdb.com/title/tt0064085/</subfield>
  </datafield>
  <datafield tag="942" ind1=" " ind2=" ">
    <subfield code="2">ddc</subfield>
    <subfield code="c">CF</subfield>
    <subfield code="h">DVD</subfield>
    <subfield code="m">BHAI</subfield>
  </datafield>
  <datafield tag="999" ind1=" " ind2=" ">
    <subfield code="c">55902</subfield>
    <subfield code="d">55902</subfield>
  </datafield>
  <datafield tag="952" ind1=" " ind2=" ">
    <subfield code="0">0</subfield>
    <subfield code="1">0</subfield>
    <subfield code="2">ddc</subfield>
    <subfield code="3">DVD 4</subfield>
    <subfield code="4">0</subfield>
    <subfield code="7">0</subfield>
    <subfield code="8">FIC</subfield>
    <subfield code="a">L</subfield>
    <subfield code="b">L</subfield>
    <subfield code="d">2011-08-24</subfield>
    <subfield code="e">pioneer/1226/28.3.11</subfield>
    <subfield code="g">349.00</subfield>
    <subfield code="l">4</subfield>
    <subfield code="o">DVD BHAI</subfield>
    <subfield code="p">DVD-007783</subfield>
    <subfield code="r">2016-08-23 00:00:00</subfield>
    <subfield code="s">2016-07-22</subfield>
    <subfield code="t">1</subfield>
    <subfield code="v">349.00</subfield>
    <subfield code="w">2011-08-24</subfield>
    <subfield code="y">CF</subfield>
    <subfield code="z">set of 6 DVD</subfield>
  </datafield>
  <datafield tag="952" ind1=" " ind2=" ">
    <subfield code="0">0</subfield>
    <subfield code="1">0</subfield>
    <subfield code="2">ddc</subfield>
    <subfield code="3">DVD 4</subfield>
    <subfield code="4">0</subfield>
    <subfield code="7">0</subfield>
    <subfield code="8">FIC</subfield>
    <subfield code="a">BL1</subfield>
    <subfield code="b">BL1</subfield>
    <subfield code="d">2011-08-24</subfield>
    <subfield code="e">pioneer/1226/28.3.11</subfield>
    <subfield code="g">349.00</subfield>
    <subfield code="l">4</subfield>
    <subfield code="o">DVD BHAI</subfield>
    <subfield code="p">DVD-007784</subfield>
    <subfield code="r">2019-10-24 00:00:00</subfield>
    <subfield code="s">2014-01-04</subfield>
    <subfield code="t">1</subfield>
    <subfield code="v">349.00</subfield>
    <subfield code="w">2011-08-24</subfield>
    <subfield code="y">CF</subfield>
    <subfield code="z">set of 6 DVD</subfield>
  </datafield>
  <datafield tag="952" ind1=" " ind2=" ">
    <subfield code="0">0</subfield>
    <subfield code="1">0</subfield>
    <subfield code="2">ddc</subfield>
    <subfield code="3">DVD 4</subfield>
    <subfield code="4">0</subfield>
    <subfield code="7">0</subfield>
    <subfield code="8">FIC</subfield>
    <subfield code="a">JP</subfield>
    <subfield code="b">JP</subfield>
    <subfield code="d">2011-08-24</subfield>
    <subfield code="e">pioneer/1226/28.3.11</subfield>
    <subfield code="g">349.00</subfield>
    <subfield code="l">0</subfield>
    <subfield code="o">DVD BHAI</subfield>
    <subfield code="p">DVD-007785</subfield>
    <subfield code="r">2011-08-24 00:00:00</subfield>
    <subfield code="t">1</subfield>
    <subfield code="v">349.00</subfield>
    <subfield code="w">2011-08-24</subfield>
    <subfield code="y">CF</subfield>
    <subfield code="z">set of 6 DVD</subfield>
  </datafield>
  <datafield tag="952" ind1=" " ind2=" ">
    <subfield code="0">0</subfield>
    <subfield code="1">0</subfield>
    <subfield code="2">ddc</subfield>
    <subfield code="3">DVD 4</subfield>
    <subfield code="4">0</subfield>
    <subfield code="7">0</subfield>
    <subfield code="8">FIC</subfield>
    <subfield code="a">ZLS</subfield>
    <subfield code="b">ZLS</subfield>
    <subfield code="d">2011-08-24</subfield>
    <subfield code="e">pioneer/1226/28.3.11</subfield>
    <subfield code="g">349.00</subfield>
    <subfield code="l">0</subfield>
    <subfield code="o">DVD BHAI</subfield>
    <subfield code="p">DVD-007786</subfield>
    <subfield code="r">2011-08-24 00:00:00</subfield>
    <subfield code="t">1</subfield>
    <subfield code="v">349.00</subfield>
    <subfield code="w">2011-08-24</subfield>
    <subfield code="y">CF</subfield>
    <subfield code="z">set of 6 DVD</subfield>
  </datafield>
  <datafield tag="952" ind1=" " ind2=" ">
    <subfield code="0">0</subfield>
    <subfield code="1">0</subfield>
    <subfield code="2">ddc</subfield>
    <subfield code="3">DVD 4</subfield>
    <subfield code="4">0</subfield>
    <subfield code="7">0</subfield>
    <subfield code="8">FIC</subfield>
    <subfield code="a">RKP</subfield>
    <subfield code="b">RKP</subfield>
    <subfield code="d">2011-08-24</subfield>
    <subfield code="e">pioneer/1226/28.3.11</subfield>
    <subfield code="g">349.00</subfield>
    <subfield code="l">1</subfield>
    <subfield code="o">DVD BHAI</subfield>
    <subfield code="p">DVD-007787</subfield>
    <subfield code="r">2012-12-18 00:00:00</subfield>
    <subfield code="s">2012-12-03</subfield>
    <subfield code="t">1</subfield>
    <subfield code="v">349.00</subfield>
    <subfield code="w">2011-08-24</subfield>
    <subfield code="y">CF</subfield>
    <subfield code="z">set of 6 DVD</subfield>
  </datafield>
  <datafield tag="952" ind1=" " ind2=" ">
    <subfield code="0">0</subfield>
    <subfield code="1">0</subfield>
    <subfield code="2">ddc</subfield>
    <subfield code="3">DVD 4</subfield>
    <subfield code="4">0</subfield>
    <subfield code="7">0</subfield>
    <subfield code="8">FIC</subfield>
    <subfield code="a">VP</subfield>
    <subfield code="b">VP</subfield>
    <subfield code="d">2011-08-24</subfield>
    <subfield code="e">pioneer/1226/28.3.11</subfield>
    <subfield code="g">349.00</subfield>
    <subfield code="l">1</subfield>
    <subfield code="o">DVD BHAI</subfield>
    <subfield code="p">DVD-007788</subfield>
    <subfield code="r">2012-10-20 00:00:00</subfield>
    <subfield code="s">2012-10-06</subfield>
    <subfield code="t">1</subfield>
    <subfield code="v">349.00</subfield>
    <subfield code="w">2011-08-24</subfield>
    <subfield code="y">CF</subfield>
    <subfield code="z">set of 6 DVD</subfield>
  </datafield>
  <datafield tag="952" ind1=" " ind2=" ">
    <subfield code="0">0</subfield>
    <subfield code="1">0</subfield>
    <subfield code="2">ddc</subfield>
    <subfield code="3">DVD 4</subfield>
    <subfield code="4">0</subfield>
    <subfield code="7">0</subfield>
    <subfield code="8">FIC</subfield>
    <subfield code="a">BL3</subfield>
    <subfield code="b">BL3</subfield>
    <subfield code="d">2011-08-24</subfield>
    <subfield code="e">pioneer/1226/28.3.11</subfield>
    <subfield code="g">349.00</subfield>
    <subfield code="l">2</subfield>
    <subfield code="o">DVD BHAI</subfield>
    <subfield code="p">DVD-007789</subfield>
    <subfield code="r">2014-12-15 00:00:00</subfield>
    <subfield code="s">2014-12-02</subfield>
    <subfield code="t">1</subfield>
    <subfield code="v">349.00</subfield>
    <subfield code="w">2011-08-24</subfield>
    <subfield code="y">CF</subfield>
    <subfield code="z">set of 6 DVD</subfield>
  </datafield>
  <datafield tag="952" ind1=" " ind2=" ">
    <subfield code="0">0</subfield>
    <subfield code="1">0</subfield>
    <subfield code="2">ddc</subfield>
    <subfield code="3">DVD 4</subfield>
    <subfield code="4">0</subfield>
    <subfield code="7">0</subfield>
    <subfield code="8">FIC</subfield>
    <subfield code="a">NR</subfield>
    <subfield code="b">NR</subfield>
    <subfield code="d">2011-08-24</subfield>
    <subfield code="e">pioneer/1226/28.3.11</subfield>
    <subfield code="g">349.00</subfield>
    <subfield code="l">0</subfield>
    <subfield code="o">DVD BHAI</subfield>
    <subfield code="p">DVD-007790</subfield>
    <subfield code="r">2011-08-24 00:00:00</subfield>
    <subfield code="t">1</subfield>
    <subfield code="v">349.00</subfield>
    <subfield code="w">2011-08-24</subfield>
    <subfield code="y">CF</subfield>
    <subfield code="z">set of 6 DVD</subfield>
  </datafield>
  <datafield tag="952" ind1=" " ind2=" ">
    <subfield code="0">0</subfield>
    <subfield code="1">0</subfield>
    <subfield code="2">ddc</subfield>
    <subfield code="3">DVD 4</subfield>
    <subfield code="4">0</subfield>
    <subfield code="7">0</subfield>
    <subfield code="8">FIC</subfield>
    <subfield code="a">BL4</subfield>
    <subfield code="b">BL4</subfield>
    <subfield code="d">2011-08-24</subfield>
    <subfield code="e">pioneer/1226/28.3.11</subfield>
    <subfield code="g">349.00</subfield>
    <subfield code="l">0</subfield>
    <subfield code="o">DVD BHAI</subfield>
    <subfield code="p">DVD-007791</subfield>
    <subfield code="r">2011-08-24 00:00:00</subfield>
    <subfield code="t">1</subfield>
    <subfield code="v">349.00</subfield>
    <subfield code="w">2011-08-24</subfield>
    <subfield code="y">CF</subfield>
    <subfield code="z">set of 6 DVD</subfield>
  </datafield>
</record>
